00635 2200241 4500001002100000005001500021035002000036007000300056008004100059020002200100082001100122084001500133100001500148245006600163250001000229260003100239300003500270650001500305700002300320520002600343990001200369990001200381INLIS00000000000148920180208110943 a0010-0218000084ta180208 g 0 ind  a978-602-251-763-4 a910.09 a910.09 TRA0 aTIM WESFIX1 aTravelling Checklist /cTim Wesfix; editor, Adinto F. Susanto acet.1 aJakarta :bGrasindo,c2015 aix, 141 hlm. :bilus. ;c20 cm aPERJALANAN0 aADINTO, F. Susanto abibliografi: hlm. 141 a16362 a a16362 b